000 00451nam a2200181Ia 4500
005 20251020182520.0
008 200515s9999 xx 000 0 und d
082 _a69.051.2/L63
245 0 _aCatálogo : Maquinaria y Equipos para movimientos de tierra
260 _as. c.
260 _c199?
300 _aLiebherr
500 _a1 ejemplar
650 _aLIB
650 _aMAQUINARIAS Y EQUIPOS
650 _aMOVIMIENTO DE TIERRAS
942 _cLIB
999 _c1723
_d1723